La clùsula penal ante la armonizacin̤ del Derecho contractual europeo

Bibliographic Details
Main Author: Castro Vt̕ores, German de
Format: Unknown
Language:Spanish
Published: Madrid : Dykinson, 2009
Subjects:
Online Access:Acceso restringido

MARC

LEADER 00000ny a22000003n 4500
005 20110620142632.0
008 090407s2009 sp 00 0 spa d
020 |a 9788498493344 
035 |a 4793 
040 |a BUS   |d vLex 
080 |a 347.412.8 
090 |c 892  |d 892 
100 1 |a Castro Vt̕ores, German de 
245 1 3 |a La clùsula penal ante la armonizacin̤ del Derecho contractual europeo  |h [Recurso electrn̤ico]  |c Germǹ de Castro Vt̕ores 
256 |a Servicio en ln̕ea 
260 |a Madrid :  |b Dykinson,  |c 2009 
300 |a 210 p. ;  |c 23 cm 
506 1 |a Contenido solo disponible en los productos indicados  |d vLex Global  |d vLex Global (Academic Edition, excluding Law Schools)  |d vLex Global (U.S. Academic Edition, Law Schools)  |d vLex Global (U.S. Academic Edition, excluding Law Schools)  |d vLex Global (Academic Edition, Law Schools) 
650 0 4 |a Clas︢ula penal (Derecho)  
740 0 |a vLex Libros (Servicios en ln̕ea) 
856 4 0 |u http://vlex.com/source/4793  |z Acceso restringido 
942 |c BOOK 
999 0 |a Law   |b Madrid